000 00595nam a22002057a 4500
003 DO-CoUTE
005 20260429130617.0
008 260429b dr ||||| |||| 00| 0 spa d
020 _a8233-2001
040 _aDO-CoUTE
_bspa
_cDO-CoUTE
082 _a863.44P116L
100 1 _aPacheco, Sindo
_eAutor
245 1 0 _aLas Raíces del Tamarindo /
_cSindo pacheco
260 _aEspaña, Barcelona ;
_bEdebe,
_c2001
300 _a264 Paginas :
_c22cm,
504 _a Incluye referencia bibliográfica e índice.
650 4 _2novela
700 1 _aSindo Pacheco
_eAutor
942 _2ddc
_cBK
999 _c24147
_d24147